Music Quiz

Random Music or Billboard Quiz
Score 0/100 Timer 10:00
2 Plays Today
Song Artist % Correct
YMCAVillage People
95.2%
In the NavyVillage People
95.2%
Da Ya Think I'm SexyRod Stewart
91.8%
Heart of GlassBlondie
90.1%
I Will SurviveGloria Gaynor
88.5%
Heaven KnowsDonna Summer & Brooklyn Dreams
87.6%
Bad GirlsDonna Summer
87.6%
Hot StuffDonna Summer
87.6%
MacArthur ParkDonna Summer
87.6%
The GamblerKenny Rogers
84.6%
She Believes in MeKenny Rogers
84.6%
Too Much HeavenBee Gees
84.2%
TragedyBee Gees
84.2%
Love You Inside OutBee Gees
84.2%
Time PassagesAl Stewart
84%
Knock on WoodAmii Stewart
83.9%
My SharonaThe Knack
83.9%
GoldJohn Stewart
82.5%
Le FreakChic
82.5%
Good TimesChic
82.5%
I Want Your LoveChic
82.5%
Shake Your Body (Down To The Ground)The Jacksons
81.5%
Don't Stop 'Til You Get EnoughMichael Jackson
81.5%
Sultans of SwingDire Straits
79.8%
He's The Greatest DancerSister Sledge
74.7%
We Are FamilySister Sledge
74.7%
You Don't Bring Me FlowersBarbara Streisand & Neil Diamond
73.9%
After The Love Has GoneEarth Wind and Fire
70.1%
The Logical SongSupertramp
70%
The Devil Went Down to GeorgiaCharlie Daniels Band
69%
Boogie WonderlandEarth Wind and Fire
68.9%
SeptemberEarth Wind and Fire
68.9%
Double VisionForeigner
68.3%
Shine a Little LoveElectric Light Orchestra
67.6%
Song Artist % Correct
Don't Bring Me DownElectric Light Orchestra
67.6%
The Main Event (Fight)Barbara Streisand
67.1%
My LifeBilly Joel
67.1%
Mama Can't Buy You LoveElton John
67.1%
What a Fool BelievesDoobie Brothers
66%
ReunitedPeaches & Herb
65.4%
Shake Your Groove ThingPeaches & Herb
65.4%
Sad EyesRobert John
65.3%
I Want You to Want MeCheap Trick
63.4%
RenegadeStyx
63.4%
Hold the LineToto
59.3%
Sail OnCommodores
57.7%
FirePointer Sisters
53.9%
Heaven Must Have Sent YouBonnie Pointer
53.7%
We've Got ToniteBob Seger & The Silver Bullet Band
51%
I Was Made for Lovin' YouKISS
49%
When You're In Love With a Beautiful WomanDr. Hook
47.4%
Sharing the Night TogetherDr. Hook
47.4%
Bad Case of Loving YouRobert Palmer
45.8%
Ring My BellAnita Ward
43.5%
(Our Love) Don't Throw It All AwayAndy Gibb
43.1%
Chuck E's In LoveRickie Lee Jones
42.9%
Rock N' Roll FantasyBad Company
42.3%
LadyLittle River Band
42.3%
Lonesome LoserLittle River Band
42.3%
Goodnight TonightWings
41.6%
The BossDiana Ross
41.3%
I'll Never Love This Way AgainDionne Warwick
37.3%
A Little More LoveOlivia Newton-John
36.5%
Dance the Night AwayVan Halen
35.4%
Don't Cry Out LoudMelissa Manchester
35%
Ooh Baby BabyLinda Ronstadt
32%
RiseHerb Alpert
29.6%
Stumblin' InSuzi Quatro & Chris Norman
29.3%
Song Artist % Correct
Every 1's a WinnerHot Chocolate
28.5%
Somewhere in the NightBarry Manilow
27.2%
You Take My Breath AwayRex Smith
26.6%
How Much I FeelAmbrosia
25.5%
New York GrooveAce Frehley
24.6%
I Love the Nightlife (Disco 'Round)Alicia Bridges
24.2%
PromisesEric Clapton
23.9%
Lotta LoveNicolette Larson
23.5%
I Just Wanna StopGino Vannelli
23.4%
Makin' ItDavid Naughton
23%
I Was Made for Dancin'Leif Garrett
22.4%
I Just Fall in Love AgainAnne Murray
22.2%
You Can't Change ThatRaydio
21.6%
Take Me HomeCher
20.5%
Born to Be AlivePatrick Hernandez
19.1%
Ain't No Stoppin' Us NowMcFadden & Whitehead
18.5%
Got to Be RealCheryl Lynn
17.6%
Just When I Needed You MostRandy Vanwarmer
17.4%
Every Time I Think of YouThe Babys
16.9%
SuspicionsEddie Rabbitt
15.4%
Music Box DancerFrank Mills
14.9%
Love Is the AnswerEngland Dan & John Ford Coley
14.4%
Lead Me OnMaxine Nightingale
13.9%
How You Gonna See MeAlice Cooper
12.5%
Strange WayFirefall
12.5%
Disco Nights (Rock Freak)GQ
10.2%
I Do Love YouGQ
10.2%
What You Won't Do For LoveBobby Caldwell
7.9%
Dancin' ShoesNigel Olsson
6.7%
Shake ItIan Matthews
6.2%
Get Used to ItRoger Voudouris
5.3%
I Got My Mind Made Up (You Can Get It Girl)Instant Funk
5.1%
Remove Ads.
Support Sporcle.
Get the best of Sporcle when you Go Orange. This ad-free experience offers more features, more stats, and more fun while also helping to support Sporcle. Thank you for becoming a member.

You're not logged in!

Compare scores with friends on all Sporcle quizzes.
OR
Log In

Sporcle TV

Today on Sporcle TV


Watch our educational content, quiz creation guides, and fun videos on Sporcle TV.

Show Comments

Extras

Top Quizzes Today


Score Distribution

Paid Content

Your Account Isn't Verified!

In order to create a playlist on Sporcle, you need to verify the email address you used during registration. Go to your Sporcle Settings to finish the process.

Report this User

Report this user for behavior that violates our Community Guidelines.

Details: